Βυζαντινή Κύπρος : πέμπτη ετήσια διάλεξη ιστορίας - αρχαιολογίας

Αποθηκεύτηκε σε:
Λεπτομέρειες βιβλιογραφικής εγγραφής
Κύριος συγγραφέας: Βρυώνης, Σπύρος
Μορφή: Βιβλίο
Γλώσσα:Greek
Δημοσίευση: Λευκωσία : Πολιτιστικό Ιδρυμα Τραπέζης Κύπρου, 1989
Σειρά:Σειρά διαλέξεων Πολιτιστικού Ιδρύματος Τραπέζης Κύπρου
Θέματα:
Ετικέτες: Προσθήκη ετικέτας
Δεν υπάρχουν, Καταχωρήστε ετικέτα πρώτοι!

MARC

LEADER 00000cam a2200000 i 4500
001 1/6298
008 000612s1989 gre d
035 |l 10061883 
040 |a GR-MY-UA  |b gre  |e aacr 
041 0 |a gre 
082 0 |a 956.93 
100 1 |a Βρυώνης, Σπύρος. 
245 1 0 |a Βυζαντινή Κύπρος :  |b πέμπτη ετήσια διάλεξη ιστορίας - αρχαιολογίας /  |c Σπύρος Βρυώνης 
260 |a Λευκωσία :   |b Πολιτιστικό Ιδρυμα Τραπέζης Κύπρου,   |c 1989 
300 |a 39 σ.;  |c 24 εκ. 
490 1 |a Σειρά διαλέξεων Πολιτιστικού Ιδρύματος Τραπέζης Κύπρου 
651 0 |a Cyprus  |x History. 
830 0 |a Σειρά διαλέξεων Πολιτιστικού Ιδρύματος Τραπέζης Κύπρου 
852 |a INST  |b RHODES  |e 20000612  |h 956.93 ΒΡΥ  |p 005400000331  |q 005400000331  |t BK  |y 12 
909 |a Ρ  |b 022275 
922 |a 4ΔΩΡ  |b 199210  |c ΔΩΡΕΑ 
970 |z 2000/06/ΔΕΜΕΝΑΓΑΣ (ELIDOC)